000
00510nam a2200181Ia 4500
008
100917s9999 xx 000 0 und d
082
_b
5145
100
_a
निरंतर गं. भा.
245
_a
अंधारातील दिवे
260
_b
---
300
_a
138
365
_b
2.5
520
_a
कादंबरी
630
_a
अंधारातील दिवे
650
_a
कादंबरी
730
_a
अंधारातील दिवे
942
_c
BOOK
999
_c
610539
_d
610536